000 00593nam a2200205Ia 4500
003 OSt
005 20240610141858.0
008 210210b1972 xxu||||| |||| 00| 0 eng d
040 _cAL
041 _akan
082 _a398.2K SITV
100 _aSITANADI GANAPAYYA SHETTI.
_9169211
_dಸೀತಾನದಿ ಗಣಪಯ್ಯ ಶೆಟ್ಟಿ
245 _aVali samharam
_bವಾಲೀಸಂಹಾರಂ
260 _aHiriyadaka.
_bSubodha Sahitya Bhandara.,
_c1972
300 _a70
650 _aYakshagana
_9169212
690 _aYakshagana
_9169212
906 _a042183
942 _2ddc
_cBK
999 _c92067
_d92067